| 000 | 00943nam a2200277Ia 4500 | ||
|---|---|---|---|
| 003 | OSt | ||
| 005 | 20210113111453.0 | ||
| 008 | 191128m20052006ck fr 000 0 spa d | ||
| 020 |
_a9583505528 _qV.1 |
||
| 020 |
_a9583505439 _qV.2 |
||
| 040 |
_aCO-JMCR _cCO-JMCR |
||
| 041 | 0 | _aspa | |
| 082 | 0 | 4 |
_a336.8610026 / _bP723d _223 |
| 100 | 1 |
_aPlazas Vega, Mauricio Alfredo, _eautor _9716 |
|
| 245 | 1 | 0 |
_aDerecho de la hacienda pública y derecho tributario / _cMauricio A. Plazas Vega |
| 250 | _aSegunda edición | ||
| 260 |
_aBogotá : _bTemis, _c2006 |
||
| 300 |
_a2 volúmenes ; _c24 cm. |
||
| 504 | _aBibliografía: páginas 714-738 | ||
| 505 | 2 |
_gV.1 _tIdeas políticas y hacienda pública. Derecho del gasto público y Derecho presupuestario. _gv.2 _tDerecho tributario |
|
| 650 | 1 | 4 |
_aHacienda pública _96954 |
| 650 | 1 | 4 |
_aLiberalismo _96955 |
| 650 | 1 | 4 |
_aGastos públicos _96956 |
| 650 | 1 | 4 |
_aDerecho fiscal _96957 |
| 942 |
_2ddc _cBK |
||
| 999 |
_c4711 _d4711 |
||